| 000 | 00506nam a2200145Ia 4500 | ||
|---|---|---|---|
| 008 | 170221s9999 xx 000 0 und d | ||
| 100 | _aJianping Zhu. | ||
| 245 | 3 | _aAn Improved Localization Scheme Based on DV-Hop for Large-Scale Wireless Sensor Networks | |
| 245 | _cJianping Zhu, Chunfeng Lv, and Zhengsu Tao. | ||
| 260 | _bJournal of Communications | ||
| 260 | _c2014 | ||
| 650 | _xCommunication | ||
| 650 | _xMedia Arts | ||
| 856 | _uhttp://www.jocm.us/index.php?m=content&c=index&a=lists&catid=169 | ||
| 999 |
_c310560 _d310560 |
||